[Event "PNWCC Online blitz JP 9th"]
[Site "Chess.com INT"]
[Date "2020.05.09"]
[Round "8"]
[White "Huzman, Alexander"]
[Black "Serna, Jeffrey M"]
[Result "1-0"]
[WhiteElo "2562"]
[BlackElo "2029"]
[PlyCount "55"]
[EventDate "2020.05.09"]
[EventType "swiss (blitz)"]
[EventRounds "11"]
[EventCountry "USA"]
[SourceTitle "CBM 196 Extra"]
[Source "ChessBase"]
[SourceDate "2020.07.31"]
[SourceVersion "1"]
[SourceVersionDate "2020.07.31"]
[SourceQuality "1"]

1. Nf3 d5 2. d4 Bf5 3. c4 e6 4. Nc3 Nc6 5. cxd5 exd5 6. Qb3 Bb4 7. Bf4 Nf6 8. e3 0-0 9. Be2 Bxc3+ 10. Qxc3 Ne4 11. Qc1 Rc8 12. h3 Ne7 13. b4 c6 14. 0-0 Qb6 15. Qa3 Rfe8 16. Rfc1 Ng6 17. Bh2 a6 18. Qa5 Qxa5 19. bxa5 Rcd8 20. Bf1 Rd7 21. Rab1 Nd6 22. Rb4 Ree7 23. Nd2 h6 24. Nb3 Nb5 25. a4 Na3 26. Nc5 Rd8 27. Nxb7 Rc8 28. Nd6 1-0

[Event "PNWCC Online blitz JP 9th"]
[Site "Chess.com INT"]
[Date "2020.05.09"]
[Round "4"]
[White "Ratnakaran, Kantoli"]
[Black "Serna, Jeffrey M"]
[Result "1/2-1/2"]
[WhiteElo "2314"]
[BlackElo "2029"]
[PlyCount "181"]
[EventDate "2020.05.09"]
[EventType "swiss (blitz)"]
[EventRounds "11"]
[EventCountry "USA"]
[SourceTitle "CBM 196 Extra"]
[Source "ChessBase"]
[SourceDate "2020.07.31"]
[SourceVersion "1"]
[SourceVersionDate "2020.07.31"]
[SourceQuality "1"]

1. e4 e5 2. Nf3 Nc6 3. Bc4 Bc5 4. c3 d6 5. d4 exd4 6. cxd4 Bb6 7. 0-0 Bg4 8. d5 Ne5 9. Be2 Nxf3+ 10. Bxf3 Bxf3 11. Qxf3 Qf6 12. Qd3 Ne7 13. Nc3 Ng6 14. Be3 0-0 15. Bxb6 axb6 16. f4 Rfe8 17. g3 Re7 18. Rf2 Rae8 19. Re1 h6 20. Nb5 Nf8 21. Rc2 c6 22. dxc6 bxc6 23. Rxc6 Qxb2 24. Nxd6 Rd8 25. e5 Qxa2 26. Rxb6 Qa7 27. Qe3 Re6 28. Rb3 Qxe3+ 29. Rbxe3 Nd7 30. Rc1 Nb6 31. Rb3 Rdxd6 32. exd6 Rxd6 33. Ra1 Kh7 34. Kf1 Nc4 35. Ra2 Nd2+ 36. Rxd2 Rxd2 37. Kg1 Kg6 38. Rb5 f6 39. h4 h5 40. f5+ Kh6 41. Rb8 Kh7 42. Rb3 Rd5 43. Rf3 Rd2 44. Kf1 Kg8 45. Rf2 Rd3 46. Kg2 Kf7 47. Ra2 Rd5 48. Rf2 Ra5 49. Kh3 g6 50. fxg6+ Kxg6 51. Rb2 Ra4 52. Rb8 Kg7 53. Kg2 Ra3 54. Kf2 Rc3 55. Rb5 Kg6 56. Ra5 Rb3 57. Ra4 Rc3 58. Ra8 Kg7 59. Rd8 Rb3 60. Rd5 Kg6 61. Rd4 Ra3 62. Re4 Rb3 63. Re3 Rb2+ 64. Kf3 Rb4 65. Rd3 Ra4 66. Rc3 Rb4 67. Ra3 Rc4 68. Ke3 Rb4 69. Kd3 Rg4 70. Ke2 Rb4 71. Kf3 Rc4 72. Rb3 Ra4 73. Re3 Rc4 74. Re4 Rc3+ 75. Kf4 Ra3 76. Rb4 Rc3 77. Ra4 Rb3 78. Rc4 Ra3 79. g4 hxg4 80. Kxg4 Ra5 81. Rb4 Rc5 82. Ra4 Rb5 83. Rf4 Ra5 84. Rf3 Ra4+ 85. Kh3 Rb4 86. Rf1 Rb3+ 87. Kg4 Rb4+ 88. Rf4 Rxf4+ 89. Kxf4 Kh5 90. Kf5 Kxh4 91. Kxf6 1/2-1/2

[Event "PNWCC Online blitz JP 9th"]
[Site "Chess.com INT"]
[Date "2020.05.09"]
[Round "6"]
[White "Serna, Jeffrey M"]
[Black "Rosner, Jonas"]
[Result "0-1"]
[WhiteElo "2029"]
[BlackElo "2433"]
[PlyCount "174"]
[EventDate "2020.05.09"]
[EventType "swiss (blitz)"]
[EventRounds "11"]
[EventCountry "USA"]
[SourceTitle "CBM 196 Extra"]
[Source "ChessBase"]
[SourceDate "2020.07.31"]
[SourceVersion "1"]
[SourceVersionDate "2020.07.31"]
[SourceQuality "1"]

1. e4 c6 2. d4 d5 3. f3 e6 4. Nc3 Bb4 5. Nge2 Ne7 6. a3 Ba5 7. b4 Bc7 8. Bf4 0-0 9. Qd2 b6 10. Ng3 Ba6 11. Bxa6 Nxa6 12. 0-0 Ng6 13. Bxc7 Nxc7 14. Nce2 a5 15. c3 Qd7 16. Nf4 Nxf4 17. Qxf4 Nb5 18. Qe3 Nd6 19. e5 Nc4 20. Qd3 c5 21. bxc5 bxc5 22. Rfb1 Rab8 23. Nf1 cxd4 24. cxd4 Qa4 25. Ne3 h6 26. Nxc4 dxc4 27. Qc3 Rb3 28. Rxb3 cxb3 29. Rb1 Rb8 30. Qc7 Qb5 31. a4 Qb4 32. Qc5 b2 33. Qxb4 Rxb4 34. Kf2 g5 35. Ke3 Kg7 36. Kd3 Kg6 37. Kc3 Rxa4 38. Rxb2 Ra1 39. Kb3 h5 40. Ra2 Rd1 41. Rxa5 Rxd4 42. Kc3 Rd7 43. h3 h4 44. Rb5 Kf5 45. Rb4 Kxe5 46. Re4+ Kf5 47. Kc2 e5 48. Ra4 Rd4 49. Ra6 Rd7 50. Ra4 f6 51. Ra6 Rd4 52. Rb6 Kg6 53. Rc6 Kf7 54. Rb6 Ke7 55. Ra6 Rd6 56. Ra5 Ke6 57. Ra4 f5 58. Rb4 Kd5 59. Ra4 e4 60. Kd2 Ke5+ 61. Ke2 Kf4 62. Rb4 Ra6 63. fxe4 Ra2+ 64. Kf1 fxe4 65. Rb3 Rd2 66. Rc3 Rd3 67. Rc4 Ke3 68. Rc1 Kd2 69. Re1 e3 70. Re2+ Kd1 71. Ra2 Rd5 72. Ra1+ Kd2 73. Ra2+ Kd3 74. Ra3+ Ke4 75. Ra4+ Rd4 76. Ra3 Rd1+ 77. Ke2 Rd2+ 78. Kf1 Rf2+ 79. Kg1 Kf4 80. Rb3 Rd2 81. Kf1 Rf2+ 82. Kg1 Rc2 83. Kf1 Ke4 84. Ra3 Kd4 85. Rb3 Rc3 86. Rb2 Kd3 87. Ra2 Rc1# 0-1

[Event "Brownsville UT RGV GM 3rd"]
[Site "Brownsville"]
[Date "2017.03.17"]
[Round "6"]
[White "Ruiz Castillo, Joshua Daniel"]
[Black "Serna, Jeffrey M"]
[Result "1-0"]
[WhiteElo "2343"]
[BlackElo "2022"]
[PlyCount "95"]
[EventDate "2017.03.13"]
[EventType "tourn"]
[EventRounds "9"]
[EventCountry "USA"]
[SourceTitle "CBM 177 Extra"]
[Source "ChessBase"]
[SourceDate "2017.04.27"]
[SourceVersion "1"]
[SourceVersionDate "2017.04.27"]
[SourceQuality "1"]

1. e4 e5 2. Nf3 Nc6 3. Bb5 f5 4. d3 fxe4 5. dxe4 Nf6 6. 0-0 Bc5 7. Qd3 d6 8. Qc4 Qe7 9. Nc3 Bd7 10. Nd5 Nxd5 11. exd5 Nd4 12. Nxd4 Bxd4 13. a4 a6 14. Bxd7+ Qxd7 15. Be3 Bxe3 16. fxe3 0-0-0 17. Rf3 Rdf8 18. Raf1 Qe7 19. Qg4+ Kb8 20. a5 Rxf3 21. Qxf3 Qg5 22. Qe4 g6 23. c4 h5 24. b4 h4 25. h3 Qg3 26. b5 Ka7 27. Kh1 Rh5 28. bxa6 Rf5 29. Rb1 bxa6 30. c5 Rf2 31. cxd6 Re2 32. Qg4 Qxg4 33. hxg4 cxd6 34. Rb6 Rxe3 35. Rxd6 Rd3 36. Rxg6 Rxd5 37. Kh2 e4 38. Re6 Rxa5 39. Kh3 Kb7 40. Kxh4 Ra2 41. Kh3 Kc7 42. g5 Rb2 43. g6 Kd7 44. Rxe4 a5 45. g7 Rb8 46. Kh4 Rg8 47. Rg4 a4 48. Kh5 1-0

[Event "Brownsville UT RGV GM 3rd"]
[Site "Brownsville"]
[Date "2017.03.16"]
[Round "5"]
[White "Serna, Jeffrey M"]
[Black "Haessel, Dale R"]
[Result "1-0"]
[WhiteElo "2022"]
[BlackElo "2142"]
[PlyCount "49"]
[EventDate "2017.03.13"]
[EventType "tourn"]
[EventRounds "9"]
[EventCountry "USA"]
[SourceTitle "CBM 177 Extra"]
[Source "ChessBase"]
[SourceDate "2017.04.27"]
[SourceVersion "1"]
[SourceVersionDate "2017.04.27"]
[SourceQuality "1"]

1. e4 e5 2. Bc4 Nf6 3. Nc3 Nc6 4. d3 Na5 5. Qf3 Nxc4 6. dxc4 d6 7. h3 Be6 8. b3 c6 9. Nge2 Be7 10. 0-0 0-0 11. Rd1 Qc7 12. a4 Nd7 13. Ng3 g6 14. Bh6 Rfd8 15. Rd2 f6 16. Rad1 Nc5 17. Nce2 Bf7 18. h4 a6 19. Nf1 f5 20. exf5 Bxh4 21. Ne3 Qe7 22. Qg4 Kh8 23. fxg6 hxg6 24. Nf5 Be6 25. Qxh4 1-0

[Event "Brownsville GM 2nd"]
[Site "Brownsville"]
[Date "2016.03.08"]
[Round "3"]
[White "Serna, Jeffrey M"]
[Black "Ruiz Castillo, Joshua Daniel"]
[Result "0-1"]
[WhiteElo "2036"]
[BlackElo "2374"]
[PlyCount "104"]
[EventDate "2016.03.06"]
[EventType "tourn"]
[EventRounds "9"]
[EventCountry "USA"]
[EventCategory "5"]
[SourceTitle "CBM 171 Extra"]
[Source "ChessBase"]
[SourceDate "2016.04.26"]
[SourceVersion "1"]
[SourceVersionDate "2016.04.26"]
[SourceQuality "1"]

1. e4 e6 2. d4 d5 3. Nd2 c5 4. exd5 Qxd5 5. Ngf3 cxd4 6. Bc4 Qd6 7. 0-0 Nf6 8. Nb3 Nc6 9. Nbxd4 Nxd4 10. Nxd4 a6 11. Re1 Qc7 12. Bf1 Be7 13. Qf3 0-0 14. Bf4 Qb6 15. Rad1 Rd8 16. Nf5 Bf8 17. Rxd8 Qxd8 18. Rd1 Bd7 19. Bg5 exf5 20. Bxf6 Qc8 21. Bc3 Bc6 22. Qf4 Be4 23. Bd3 Qc6 24. f3 Bxd3 25. Rxd3 Qe6 26. a3 Re8 27. h3 h6 28. Bb4 Qa2 29. Bxf8 Rxf8 30. Qc1 Rc8 31. Rd2 Qe6 32. Qd1 Qb6+ 33. Kh1 Qxb2 34. Rd8+ Rxd8 35. Qxd8+ Kh7 36. Qc8 Kg6 37. Qc5 Qb5 38. Qd6+ Kh7 39. Qd2 b6 40. c3 Qc4 41. Kh2 Qc5 42. Qd3 b5 43. g4 g6 44. gxf5 Qxf5 45. Qxf5 gxf5 46. Kg3 Kg6 47. f4 a5 48. Kh4 f6 49. Kg3 Kf7 50. Kh4 a4 51. Kh5 Kg7 52. h4 Kh7 0-1

[Event "Southwest Class-ch 7th"]
[Site "Dallas"]
[Date "2016.02.15"]
[Round "9"]
[White "Yu, Jennifer R"]
[Black "Serna, Jeffrey M"]
[Result "1-0"]
[WhiteElo "2102"]
[BlackElo "2009"]
[PlyCount "107"]
[EventDate "2016.02.11"]
[EventType "swiss"]
[EventRounds "9"]
[EventCountry "USA"]
[SourceTitle "EXT 2018"]
[Source "ChessBase"]
[SourceDate "2017.10.13"]
[SourceVersion "1"]
[SourceVersionDate "2017.10.13"]
[SourceQuality "1"]

1. c4 e5 2. Nc3 Nc6 3. g3 Nf6 4. Nf3 h6 5. d3 Bc5 6. Bg2 d6 7. 0-0 0-0 8. Na4 Bb6 9. a3 Bd7 10. e3 Ne7 11. b4 Qe8 12. Nxb6 axb6 13. Bb2 Qc8 14. Re1 Bh3 15. Bh1 Bg4 16. Qc2 Nh7 17. d4 f6 18. Nh4 Re8 19. f4 exf4 20. exf4 c6 21. Be4 Nf8 22. Qg2 Qd7 23. d5 c5 24. Bd3 Nf5 25. Nf3 Rxe1+ 26. Rxe1 Re8 27. Be4 Qf7 28. h3 Bxf3 29. Qxf3 Nh4 30. gxh4 f5 31. Kf2 fxe4 32. Rxe4 Rxe4 33. Qxe4 Ng6 34. f5 Ne7 35. f6 Ng6 36. Qg4 h5 37. Qxh5 gxf6 38. Qg4 Kf8 39. h5 Ne5 40. Qf5 Kg7 41. Bc1 Qd7 42. h6+ Kg8 43. Qe6+ Kh7 44. Bf4 Qd8 45. Kf1 Qf8 46. h4 Kh8 47. Qf5 Qe7 48. Qc8+ Kh7 49. Qe6 Qf8 50. Qf5+ Kh8 51. Bxe5 dxe5 52. Qg6 Qe7 53. d6 Qd7 54. Qg7+ 1-0

[Event "Southwest Class-ch 7th"]
[Site "Dallas"]
[Date "2016.02.12"]
[Round "2"]
[White "Serna, Jeffrey M"]
[Black "Sheng, Joshua"]
[Result "0-1"]
[WhiteElo "2009"]
[BlackElo "2402"]
[PlyCount "72"]
[EventDate "2016.02.11"]
[EventType "swiss"]
[EventRounds "9"]
[EventCountry "USA"]
[SourceTitle "EXT 2018"]
[Source "ChessBase"]
[SourceDate "2017.10.13"]
[SourceVersion "1"]
[SourceVersionDate "2017.10.13"]
[SourceQuality "1"]

1. e4 e5 2. Nf3 Nc6 3. Nc3 Nf6 4. d4 Bb4 5. d5 Nb8 6. Bd3 Bxc3+ 7. bxc3 d6 8. h3 0-0 9. 0-0 Nbd7 10. Qe2 Nc5 11. Nh2 Re8 12. Ng4 Nfxe4 13. Bxe4 f5 14. Bf3 fxg4 15. Bxg4 Bxg4 16. Qxg4 Qd7 17. Qc4 Qa4 18. Qe2 Qe4 19. Qxe4 Nxe4 20. c4 Nc3 21. Re1 Na4 22. Rb1 Nb6 23. Re4 Nd7 24. Re1 h6 25. Rb3 Rac8 26. Re2 Nf6 27. Be3 Red8 28. Rd3 Kf7 29. Kf1 Rd7 30. Red2 g5 31. Kg1 Kg6 32. Rd1 h5 33. R1d2 Rf7 34. Re2 Rcf8 35. Bc1 g4 36. h4 Ne8 0-1

[Event "Southwest Class-ch 7th"]
[Site "Dallas"]
[Date "2016.02.11"]
[Round "1"]
[White "Peng, David T"]
[Black "Serna, Jeffrey M"]
[Result "0-1"]
[WhiteElo "2256"]
[BlackElo "2009"]
[PlyCount "44"]
[EventDate "2016.02.11"]
[EventType "swiss"]
[EventRounds "9"]
[EventCountry "USA"]
[SourceTitle "EXT 2018"]
[Source "ChessBase"]
[SourceDate "2017.10.13"]
[SourceVersion "1"]
[SourceVersionDate "2017.10.13"]
[SourceQuality "1"]

1. e4 e5 2. Nf3 Nc6 3. Bc4 Bc5 4. d3 Nf6 5. c3 0-0 6. 0-0 h6 7. d4 Bb6 8. Nxe5 Nxe4 9. Qf3 Nxe5 10. dxe5 d5 11. Bd3 f5 12. Be3 c6 13. Qe2 Bxe3 14. Qxe3 f4 15. Qe2 f3 16. gxf3 Bh3 17. Qe3 Bxf1 18. Bxf1 Qg5+ 19. Bg2 Qxe3 20. fxe3 Nc5 21. Nd2 Rae8 22. f4 g5 0-1

[Event "Brownsville UT RGV GM"]
[Site "Brownsville"]
[Date "2016.01.09"]
[Round "7"]
[White "Liang, Awonder"]
[Black "Serna, Jeffrey M"]
[Result "1/2-1/2"]
[WhiteElo "2392"]
[BlackElo "2014"]
[PlyCount "203"]
[EventDate "2016.01.05"]
[EventType "tourn"]
[EventRounds "9"]
[EventCountry "USA"]
[EventCategory "7"]
[SourceTitle "CBM 170 Extra"]
[Source "ChessBase"]
[SourceDate "2016.02.25"]
[SourceVersion "1"]
[SourceVersionDate "2016.02.25"]
[SourceQuality "1"]

1. c4 e5 2. g3 Nc6 3. Bg2 Nf6 4. Nc3 h6 5. d3 Bc5 6. Nf3 d6 7. 0-0 0-0 8. a3 a5 9. Bd2 Bd7 10. Rb1 Qc8 11. Nb5 a4 12. Nc3 Nd4 13. Nxd4 Bxd4 14. Re1 Bc6 15. Bxc6 bxc6 16. e3 Bxc3 17. Bxc3 c5 18. Rf1 Qe6 19. e4 Nh7 20. f4 exf4 21. Rxf4 Ng5 22. Rf5 f6 23. Qh5 Qf7 24. Qg4 Kh7 25. Rbf1 Qe7 26. Qd1 Ne6 27. h4 c6 28. Qe2 Rab8 29. Qe3 Rf7 30. R1f2 Rbf8 31. Rf1 Rb8 32. Qf2 Rbf8 33. Qg2 Qa7 34. g4 Kg8 35. Qd2 Qe7 36. Qf2 Qd7 37. Qg2 Qe7 38. R1f2 Qd7 39. Kf1 Qe7 40. Qg3 Qd7 41. Qe3 Qe7 42. Ke1 Qd7 43. Kd2 Qe7 44. Kc1 Qd7 45. Kb1 Qe7 46. Ka1 Qd7 47. Rf1 Qe7 48. Qd2 Qd7 49. Qd1 Qa7 50. R5f2 Nd4 51. Ka2 Ne6 52. Rh2 Rd8 53. Rhf2 Rdf8 54. Bd2 Qa8 55. Re1 Qa7 56. Rh2 Rb7 57. Bc1 Nd4 58. Be3 Qb6 59. Bxd4 Qb3+ 60. Qxb3 axb3+ 61. Kb1 cxd4 62. Rf2 c5 63. Kc1 Re8 64. Kd2 Re5 65. Rf5 Kf7 66. Ref1 Kg6 67. Ke2 Rb8 68. Kd2 Rh8 69. Rg1 Ra8 70. Ke2 Rae8 71. Kf2 Kf7 72. Rf4 Rh8 73. Kg3 Ra8 74. Rgf1 Kg6 75. Rf5 Kf7 76. Kg2 Kg6 77. Kh2 Kf7 78. Kg3 Kg6 79. g5 hxg5 80. hxg5 Rxf5 81. Rxf5 Kf7 82. gxf6 gxf6 83. Rh5 Rg8+ 84. Kf2 Kg6 85. Rh1 Ra8 86. Kf3 Rb8 87. Kg4 Rg8 88. Kf4 Kf7 89. Rh7+ Ke6 90. Rb7 Rg1 91. Rxb3 Rf1+ 92. Kg3 Ra1 93. Kf3 Ke5 94. Rb8 Rf1+ 95. Ke2 Rh1 96. Rb3 Ra1 97. Rb6 Rh1 98. b4 Rh2+ 99. Kf3 Rh3+ 100. Ke2 Rh2+ 101. Kf1 Rd2 102. bxc5 1/2-1/2

[Event "Brownsville UT RGV GM"]
[Site "Brownsville"]
[Date "2016.01.09"]
[Round "8"]
[White "Serna, Jeffrey M"]
[Black "Drozdowski, Kacper"]
[Result "0-1"]
[WhiteElo "2014"]
[BlackElo "2475"]
[PlyCount "61"]
[EventDate "2016.01.05"]
[EventType "tourn"]
[EventRounds "9"]
[EventCountry "USA"]
[EventCategory "7"]
[SourceTitle "CBM 170 Extra"]
[Source "ChessBase"]
[SourceDate "2016.02.25"]
[SourceVersion "1"]
[SourceVersionDate "2016.02.25"]
[SourceQuality "1"]

1. e4 Nf6 2. Nc3 d5 3. e5 Ne4 4. d4 Nxc3 5. bxc3 c5 6. a4 Qc7 7. Bb5+ Nc6 8. Ne2 a6 9. Bxc6+ Qxc6 10. 0-0 cxd4 11. cxd4 Bf5 12. c3 e6 13. Ba3 Bxa3 14. Rxa3 0-0 15. Ng3 Bg6 16. f4 f6 17. f5 exf5 18. Nxf5 Qe6 19. Qg4 Rae8 20. Ne3 Qc6 21. Qg3 fxe5 22. Rxf8+ Kxf8 23. dxe5 Kg8 24. Qf4 Be4 25. h3 Bxg2 26. Ra2 Bxh3 27. Rf2 Qg6+ 28. Kh2 Be6 29. Rg2 Qh5+ 30. Kg1 Rf8 31. Qd4 0-1

[Event "Brownsville UT RGV GM"]
[Site "Brownsville"]
[Date "2016.01.07"]
[Round "5"]
[White "Gurevich, Daniel"]
[Black "Serna, Jeffrey M"]
[Result "1-0"]
[WhiteElo "2465"]
[BlackElo "2014"]
[PlyCount "75"]
[EventDate "2016.01.05"]
[EventType "tourn"]
[EventRounds "9"]
[EventCountry "USA"]
[EventCategory "7"]
[SourceTitle "CBM 170 Extra"]
[Source "ChessBase"]
[SourceDate "2016.02.25"]
[SourceVersion "1"]
[SourceVersionDate "2016.02.25"]
[SourceQuality "1"]

1. d4 Nf6 2. Nf3 d5 3. c4 e6 4. Nc3 b6 5. cxd5 Nxd5 6. e4 Nxc3 7. bxc3 c5 8. Bb5+ Bd7 9. Bd3 cxd4 10. cxd4 Bb4+ 11. Bd2 Bxd2+ 12. Qxd2 0-0 13. 0-0 Bc6 14. Rad1 Nd7 15. Qf4 Re8 16. Rfe1 Bb7 17. d5 e5 18. Qf5 g6 19. Qh3 a6 20. d6 Rc8 21. Ng5 Nf8 22. Nxh7 Re6 23. Nxf8 Qxf8 24. d7 Rd8 25. Be2 Rd6 26. Bg4 Rxd1 27. Rxd1 Bxe4 28. Qe3 f5 29. Be2 Qe7 30. Qxb6 Kh7 31. Qc7 f4 32. Bg4 Bf5 33. h3 Bxg4 34. hxg4 g5 35. Rd6 e4 36. Qc6 Qg7 37. Qxe4+ Kh8 38. Qe8+ 1-0

[Event "Brownsville UT RGV GM"]
[Site "Brownsville"]
[Date "2016.01.07"]
[Round "4"]
[White "Serna, Jeffrey M"]
[Black "Stukopin, Andrey"]
[Result "0-1"]
[WhiteElo "2014"]
[BlackElo "2558"]
[PlyCount "88"]
[EventDate "2016.01.05"]
[EventType "tourn"]
[EventRounds "9"]
[EventCountry "USA"]
[EventCategory "7"]
[SourceTitle "CBM 170 Extra"]
[Source "ChessBase"]
[SourceDate "2016.02.25"]
[SourceVersion "1"]
[SourceVersionDate "2016.02.25"]
[SourceQuality "1"]

1. e4 d6 2. d4 Nf6 3. Nc3 g6 4. Bc4 c6 5. Nf3 d5 6. exd5 cxd5 7. Bb5+ Bd7 8. Bxd7+ Nbxd7 9. 0-0 Bg7 10. Re1 0-0 11. Qe2 e6 12. Bg5 Qb6 13. Qb5 Qc7 14. Qd3 a6 15. Rec1 Rac8 16. Ne2 Ne4 17. Bf4 Qb6 18. Qb3 Qc6 19. Nd2 Nd6 20. c3 h6 21. Bxd6 Qxd6 22. a4 h5 23. c4 dxc4 24. Rxc4 Rxc4 25. Nxc4 Qd5 26. Nd2 Rc8 27. Rd1 Qxb3 28. Nxb3 Rc4 29. d5 exd5 30. Rxd5 Nf8 31. a5 Rb4 32. Nbc1 Rxb2 33. g3 Ne6 34. Kg2 Rc2 35. Kf1 Rc5 36. Rd7 Rb5 37. Nd3 Kf8 38. Nef4 Nxf4 39. gxf4 Ke8 40. Rc7 Bf6 41. Nc5 Bd8 42. Rc8 Ke7 43. f5 gxf5 44. Nd3 Rxa5 0-1

[Event "USA tt"]
[Site "ICC INT"]
[Date "2015.10.13"]
[Round "8"]
[White "Rosenthal, Nicholas"]
[Black "Serna, Jeffrey M"]
[Result "1-0"]
[WhiteElo "2104"]
[BlackElo "1998"]
[PlyCount "65"]
[EventDate "2015.08.25"]
[EventType "team-swiss"]
[EventRounds "10"]
[EventCountry "USA"]
[SourceTitle "EXT 2017"]
[Source "ChessBase"]
[SourceDate "2016.10.25"]
[SourceVersion "1"]
[SourceVersionDate "2016.10.25"]
[SourceQuality "1"]
[WhiteTeam "St Louis"]
[BlackTeam "Rio Grande"]
[WhiteTeamCountry "USA"]
[BlackTeamCountry "USA"]

1. e4 e5 2. Nf3 Nc6 3. Bb5 f5 4. d3 fxe4 5. dxe4 Nf6 6. 0-0 Bc5 7. Bxc6 bxc6 8. Nxe5 Qe7 9. Nd3 Nxe4 10. Re1 0-0 11. Rxe4 Qxe4 12. Nxc5 Qf5 13. Be3 d6 14. Nb3 c5 15. Nc3 Be6 16. Ne2 Rae8 17. Ng3 Qf7 18. Qd2 Bd5 19. Nxc5 h5 20. Nd7 h4 21. Nxf8 hxg3 22. Ng6 gxf2+ 23. Bxf2 Re4 24. Re1 Kh7 25. Rxe4 Bxe4 26. Nf4 Qxa2 27. Bd4 c5 28. Bc3 Qb1+ 29. Kf2 Qh1 30. Qe2 d5 31. Qh5+ Kg8 32. Qe8+ Kh7 33. Qf7 1-0

[Event "Brownsville IM"]
[Site "Brownsville"]
[Date "2015.05.13"]
[Round "2"]
[White "Guerrero Rodriguez, Alejandra"]
[Black "Serna, Jeffrey M"]
[Result "0-1"]
[WhiteElo "2014"]
[BlackElo "1979"]
[PlyCount "108"]
[EventDate "2015.05.13"]
[EventType "tourn"]
[EventRounds "9"]
[EventCountry "USA"]
[SourceTitle "CBM 166 Extra"]
[Source "ChessBase"]
[SourceDate "2015.06.18"]
[SourceVersion "1"]
[SourceVersionDate "2015.06.18"]
[SourceQuality "1"]

1. e4 e5 2. Nf3 Nc6 3. Bb5 f5 4. d3 fxe4 5. dxe4 Bc5 6. 0-0 Nf6 7. Bc4 d6 8. Ng5 Qe7 9. Bf7+ Kd8 10. Bd5 Rf8 11. Be3 Nxd5 12. exd5 Bxe3 13. fxe3 Rxf1+ 14. Qxf1 Qxg5 15. Qf8+ Kd7 16. dxc6+ bxc6 17. Nc3 Qf6 18. Qg8 Bb7 19. Qxh7 Rf8 20. Qh3+ Kd8 21. Ne4 Qg6 22. Qh4+ Kc8 23. Rf1 Rxf1+ 24. Kxf1 c5 25. Ng5 Ba6+ 26. Kg1 Qxc2 27. Qg4+ Kb8 28. h4 Qc1+ 29. Kh2 Qxe3 30. Ne6 Bc8 31. Qa4 a6 32. Nxg7 Qh6 33. Ne8 Qh7 34. Nf6 Qf5 35. Nd5 Bb7 36. Ne3 Qf2 37. Qb3 Qxh4+ 38. Kg1 Qg3 39. Qd3 d5 40. Qd2 d4 41. Nf1 Qg6 42. Qf2 Qg7 43. Qg3 Qe7 44. Nd2 e4 45. Nc4 e3 46. Ne5 Qd6 47. Qg8+ Ka7 48. Nd3 Be4 49. Qc4 Bxd3 50. Qxd3 c4 51. Qe4 Qc5 52. Kf1 d3 53. a3 e2+ 54. Ke1 Qg1+ 0-1

[Event "US Open-113"]
[Site "Vancouver"]
[Date "2012.08.10"]
[Round "7"]
[White "Serna, Jeffrey M"]
[Black "Vibbert, Sean"]
[Result "0-1"]
[WhiteElo "2048"]
[BlackElo "2315"]
[PlyCount "42"]
[EventDate "2012.08.04"]
[EventType "swiss"]
[EventRounds "9"]
[EventCountry "USA"]
[SourceTitle "CBM 149 Extra"]
[Source "ChessBase"]
[SourceDate "2012.08.24"]
[SourceVersion "1"]
[SourceVersionDate "2012.08.24"]
[SourceQuality "1"]

1. e4 c5 2. g3 Nc6 3. Bg2 g6 4. Ne2 Bg7 5. 0-0 e6 6. c3 d5 7. d3 Nge7 8. Na3 0-0 9. Bf4 a6 10. Qd2 b5 11. Nc2 Bb7 12. a4 Qb6 13. Bd6 Rfd8 14. a5 Qa7 15. Bc7 dxe4 16. Bxe4 Ne5 17. Bxd8 Bxe4 18. Qe3 Nf3+ 19. Kh1 Bc6 20. Bxe7 Qxe7 21. Ng1 Nd4+ 0-1